000 00337nam a2200145Ia 4500
008 221030s9999 xx 000 0 und d
041 _aEnglish
082 _a105.23
_bAna
100 _aM. R. Anand
245 0 _aUntouchable
_cby M. R. Anand
260 _bArnold Pub
_aNew Delhi
_c1981
300 _a182
650 _aGeneral
942 _cBK
999 _c3677
_d3677